|
|
|
|
| LEADER |
00968cas#a2200301#a#4500 |
| 001 |
019000 |
| 005 |
20160923115344.0 |
| 008 |
070830c20079999enkqr#p###o###0####|eng#d |
| 022 |
|
|
|a 1753-1942
|
| 040 |
|
|
|a AR-beUNQ
|
| 099 |
|
|
|a P-GB-INT3
|
| 245 |
0 |
0 |
|a International journal of technological learning, innovation and development /
|c Inderscience Enterprises
|
| 246 |
1 |
3 |
|a IJTLID
|
| 246 |
1 |
3 |
|a IJTLID
|
| 260 |
|
|
|a [Olney, UK] :
|b Inderscience ,
|
| 300 |
|
|
|a v.
|
| 310 |
|
|
|a Trimestral
|
| 362 |
0 |
|
|a Vol. 1, no. 1, 2007-
|
| 650 |
|
7 |
|a Innovaciones tecnológicas
|2 Spines
|
| 650 |
|
7 |
|a Desarrollo económico
|2 Spines
|
| 650 |
|
7 |
|a Nuevas tecnologías
|2 Spines
|
| 650 |
|
7 |
|a Aprendizaje
|2 Spines
|
| 650 |
|
7 |
|a Cambio sociocultural
|2 Spines
|
| 653 |
|
|
|a Procesos organizacionales
|
| 710 |
2 |
|
|a Inderscience Enterprises
|
| 866 |
0 |
|
|a 2007 1(1)
|
| 929 |
|
|
|d 0
|b Inderscience Enterprise
|a DONACION
|j 41727
|e 20080228
|f PAT0022871
|g 957 Exp. 827-0387/98
|
| 999 |
|
|
|c 27561
|d 110367
|